| 000 | 01200cam a2200325 4500 | ||
|---|---|---|---|
| 008 | 090401t1993 xxu||||| |||| 00| 0 eng d | ||
| 020 | _a0117527572 | ||
| 035 | _a(Sirsi) u64788 | ||
| 041 | _aeng | ||
| 050 | _a306.52 | ||
| 100 | _aCousins, Lin | ||
| 245 | 3 | _aAn appraisal of shared ownership. | |
| 260 |
_aLondon _bHMSO _c1993 |
||
| 300 | _axvi,152p. : ill. ; 30cm. | ||
| 350 | _a10 | ||
| 520 | _aA study, commissioned by the DoE and carried out by a team from Chesterton Consulting Group, which looks at shared ownership from the perspective of the consumer, the provider and the funder. Examines the management and organisation of schemes, as well as how far they meet housing needs and their role in the overall housing market. | ||
| 650 | _aFINANCE | ||
| 650 | _aHOUSING ASSOCIATIONS | ||
| 650 | _aHOUSING PROVISION | ||
| 650 | _aSHARED OWNERSHIP | ||
| 650 | _aBUILT ENVIRONMENT-BUILDING ELEMENTS-COMPLETE BUILDING ELEMENTS-STAIRS | ||
| 690 | _aHOUSING | ||
| 700 | _aLedward, Charles | ||
| 700 | _aHowe, Kirk | ||
| 700 | _aRock, Gill | ||
| 700 | _aTaylor, Geoff | ||
| 710 |
_aUnited Kingdom _bDepartment of the Environment _9982 |
||
| 942 | _n0 | ||
| 948 | _c04/03/1997 | ||
| 999 |
_c94705 _d94705 |
||